| 000 | 01412cam a2200217 i 4500 | ||
|---|---|---|---|
| 020 | _a9780415243568 (pbk) | ||
| 082 | 0 | 0 | _a341 |
| 100 | 1 |
_aOrakhelashvili, Alexander, _eauthor. |
|
| 245 | 1 | 0 |
_aAkehurst's modern introduction to international law / _cAlexander Orakhelashvili. |
| 250 | _aEighth edition. | ||
| 260 |
_aNew York : _bRoutledge, _c2019. |
||
| 300 |
_axxxix, 581 pages ; _c25 cm. |
||
| 504 | _aIncludes bibliographical references and index. | ||
| 650 | 0 |
_aInternational law. _990114 |
|
| 700 | 1 |
_aAkehurst, Michael Barton. _990115 |
|
| 942 |
_2ddc _cBK |
||
| 999 |
_c588308 _d588308 |
||